书目信息 |
| 题名: |
全国注册造价工程师执业资格考试星级考点详解
|
|
| 作者: | 李晓颖 主编 | |
| 分册: | ||
| 出版信息: | 北京 中国建材工业出版社 2004.08 |
|
| 页数: | 32, 496页 | |
| 开本: | 26cm | |
| 丛书名: | 天维考典系列丛书 | |
| 单 册: | ||
| 中图分类: | TU723.3 | |
| 科图分类: | ||
| 主题词: | 建筑工程--工程造价--考核--自学参考资料 , 工程造价 | |
| 电子资源: | ||
| ISBN: | 7-80159-696-X | |
| 000 | 00971nam 2200253 450 | |
| 001 | 0133671859 | |
| 005 | 20051012101651.65 | |
| 010 | @a7-80159-696-X@dCNY69.00(含光盘) | |
| 100 | @a20050115d2004 km y0chiy0120 ea | |
| 101 | 0 | @achi |
| 102 | @aCN@b110000 | |
| 105 | @aa z 000yy | |
| 200 | 1 | @a全国注册造价工程师执业资格考试星级考点详解@Aquan guo zhu ce zao jia gong cheng shi zhi ye zi ge kao shi xing ji kao dian xiang jie@f李晓颖主编@Fli xiao ying zhu bian |
| 210 | @a北京@c中国建材工业出版社@d2004.08 | |
| 215 | @a32, 496页@c图@d26cm@e光盘1片 | |
| 225 | 2 | @a天维考典系列丛书 |
| 307 | @a附光盘: ISBN 7-8995-7540 | |
| 330 | @a本书立足于考试大纲,以考点的形式对工程造价管理基础理论与相关法规、工程造价的计价与控制等考试内容的重点、难点进行详细讲解。 | |
| 606 | 0 | @a建筑工程@x工程造价@x考核@x自学参考资料 |
| 606 | 0 | @a工程造价 |
| 690 | @aTU723.3@v4 | |
| 701 | 0 | @a李晓颖@Ali xiao ying@4主编 |
| 801 | 0 | @aCN@bQSSK@c20051012 |
| 905 | @a10447@dTU723.3@eL298 | |
| 全国注册造价工程师执业资格考试星级考点详解/李晓颖主编.-北京:中国建材工业出版社,2004.08 |
| 32, 496页:图;26cm+光盘1片.-(天维考典系列丛书 ) |
| ISBN 7-80159-696-X:CNY69.00(含光盘) |
| 本书立足于考试大纲,以考点的形式对工程造价管理基础理论与相关法规、工程造价的计价与控制等考试内容的重点、难点进行详细讲解。 |
| ● |
| 相关链接 |
|
|
|
正题名:全国注册造价工程师执业资格考试星级考点详
索取号:TU723.3/L298
 
预约/预借
| 序号 | 登录号 | 条形码 | 馆藏地/架位号 | 状态 | 备注 |
| 1 | 566090 | 205660907 | 建筑库201/201建筑库 35排4列1层/ [索取号:TU723.3/L298] | 在馆 | |
| 2 | 566091 | 205660916 | 建筑库201/201建筑库 35排4列1层/ [索取号:TU723.3/L298] | 在馆 | |
| 3 | 566092 | 205660925 | 建筑库201/201建筑库 35排4列1层/ [索取号:TU723.3/L298] | 在馆 |